LEADER 03004oam 2200649I 450 001 9910464436103321 005 20200520144314.0 010 $a0-429-07537-5 010 $a1-4398-1373-6 024 7 $a10.1201/9781439813737 035 $a(CKB)3390000000000100 035 $a(EBL)1446648 035 $a(OCoLC)899156140 035 $a(SSID)ssj0000530165 035 $a(PQKBManifestationID)11347703 035 $a(PQKBTitleCode)TC0000530165 035 $a(PQKBWorkID)10561616 035 $a(PQKB)11740162 035 $a(MiAaPQ)EBC1446648 035 $a(Au-PeEL)EBL1446648 035 $a(CaPaEBR)ebr11005278 035 $a(CaONFJC)MIL692690 035 $a(OCoLC)748682157 035 $a(EXLCZ)993390000000000100 100 $a20180331d2010 uy 0 101 0 $aeng 135 $aur|n|---||||| 181 $ctxt 182 $cc 183 $acr 200 10$aOverlay networks $etoward information networking /$fSasu Tarkoma 210 1$aBoca Raton :$cAuerbach Publications,$d2010. 215 $a1 online resource (262 p.) 300 $a"An Auerbach book." 311 $a1-322-61408-3 311 $a1-4398-1371-X 320 $aIncludes bibliographical references and index. 327 $aFront cover; Contents; Preface; About the Author; Chapter 1. Introduction; Chapter 2. Network Technologies; Chapter 3. Properties of Networks and Data; Chapter 4. Unstructured Overlays; Chapter 5. Foundations of Structured Overlays; Chapter 6. Distributed Hash Tables; Chapter 7. Probabilistic Algorithms; Chapter 8. Content-based Networking and Publish/Subscribe; Chapter 9. Security; Chapter 10. Applications; Chapter 11. Conclusions; References; Index; Back cover 330 $aWith their ability to solve problems in massive information distribution and processing, while keeping scaling costs low, overlay systems represent a rapidly growing area of R&D with important implications for the evolution of Internet architecture. Inspired by the author's articles on content based routing, Overlay Networks: Toward Information Networking provides a complete introduction to overlay networks. Examining what they are and what kind of structures they require, the text covers the key structures, protocols, and algorithms used in overlay networks. It reviews the current state of th 606 $aInformation networks 606 $aPeer-to-peer architecture (Computer networks) 606 $aElectronic data processing$xDistributed processing 606 $aMultimedia communications 608 $aElectronic books. 615 0$aInformation networks. 615 0$aPeer-to-peer architecture (Computer networks) 615 0$aElectronic data processing$xDistributed processing. 615 0$aMultimedia communications. 676 $a004.6/52 700 $aTarkoma$b Sasu.$0861922 801 0$bMiAaPQ 801 1$bMiAaPQ 801 2$bMiAaPQ 906 $aBOOK 912 $a9910464436103321 996 $aOverlay networks$91997309 997 $aUNINA LEADER 05217nam 22005775 450 001 9910731474803321 005 20251116192340.0 010 $a9783030931384 010 $a3030931382 024 7 $a10.1007/978-3-030-93138-4 035 $a(MiAaPQ)EBC30592744 035 $a(Au-PeEL)EBL30592744 035 $a(DE-He213)978-3-030-93138-4 035 $a(PPN)272268712 035 $a(CKB)26938276300041 035 $a(OCoLC)1392345731 035 $a(EXLCZ)9926938276300041 100 $a20230612d2023 u| 0 101 0 $aeng 135 $aurcnu|||||||| 181 $ctxt$2rdacontent 182 $cc$2rdamedia 183 $acr$2rdacarrier 200 10$aFoundations of Elastoplasticity: Subloading Surface Model /$fby Koichi Hashiguchi 205 $a4th ed. 2023. 210 1$aCham :$cSpringer International Publishing :$cImprint: Springer,$d2023. 215 $a1 online resource (850 pages) 225 0 $aEngineering Series 311 08$aPrint version: Hashiguchi, Koichi Foundations of Elastoplasticity: Subloading Surface Model Cham : Springer International Publishing AG,c2023 9783030931377 327 $aMathematical Preliminaries: Vector and Tensor Analysis -- Description of Motion -- Description of Tensor (Rate) in Convected Coordinate System -- Deformation/Rotation Tensors -- Stress Tensors and Conservation Laws -- Objectivity and Objective (Rate) Tensors -- Elastic Constitutive Equations -- Elastoplastic Constitutive Equations -- Unconventional Elastoplasticity Model: Subloading Surface model -- Cyclic Plasticity Model: Critical Reviews and Assessments -- Extended Subloading Surface Model -- Constitutive Equations of Metals -- Constitutive Equations of Soils -- Subloading-overstress model -- Subloading-Damage Model -- Subloading Phase-transformation Model -- Multiplicative Hyperelastic-based Plasticity with Subloading Surface Concept -- Viscoelastic-viscoplastic Model of Polymers -- Corotational Rate Tensors -- Localization of Deformation -- Hypoelastic- and Multiplicative Hyperelastic-based Crystal Plasticity -- Constitutive Equation for Friction: Subloading-friction Model. 330 $aThis book is the standard text book for elastoplasticity which is explained comprehensively covering the rate-independent to -dependent finite deformations, soils, polymers, crystal plasticity, etc. and the friction phenomenon. Concise explanations on vector-tensor analysis and continuum mechanics are provided first, covering the underlying physical concepts, e.g. various time-derivatives, pull-back and push-forward operations, work-conjugacy and multiplicative decomposition of deformation gradient tensor. Then, the rigorous elastoplastic/viscoplastic models are explained comprehensively, which are based on the subloading surface model incorporating the crucially important variable ?normal-yield ratio? in order to describe the continuous development of the plastic/viscoplastic strain rate with the approach to the yield stress but can never be described by the other plasticity models, e.g. the Chaboche-Ohno and the Dafalias-Yoshida models assuming the purely-elastic domain. The main of them are as follows: 1) The subloading surface concept underling the cyclic plasticity is introduced, which insists that the plastic deformation develops as the stress approaches the yield surface. Thus, the smooth elastic-plastic transition leading to the continuous variation of the tangent stiffness modulus is described always. 2) The subloading-overstress model is formulated by which the elastoplastic deformation during the quasi-static loading and the viscoplastic deformation during the dynamic and impact loading can be described by the unified equation. Then, only this model can be used to describe the deformation in the general rate of deformation, disusing the elastoplastic constitutive equation. 3) The hyperelastic-based (visco)plasticity based on the multiplicative decomposition of deformation gradient tensor and the subloading surface model is formulated for the exact descriptions of the finite elastic and (visco)plastic deformations. 4) The subloading-friction model is formulated for the exact description of the dry and the fluid (lubricated) frictions at the general rate of sliding from the static to the impact sliding. Thus, all the elastic and inelastic deformation/sliding phenomena of solids can be described accurately in the unified equation by the subloading-overstress model. The subloading surface model will be engraved as the governing law of irreversible deformation of solids in the history of solid mechanics. . 606 $aMechanics, Applied 606 $aSolids 606 $aMechanics 606 $aSolid Mechanics 606 $aClassical Mechanics 615 0$aMechanics, Applied. 615 0$aSolids. 615 0$aMechanics. 615 14$aSolid Mechanics. 615 24$aClassical Mechanics. 676 $a621.1123 676 $a620.11232 700 $aHashiguchi$b Koichi$0862551 801 0$bMiAaPQ 801 1$bMiAaPQ 801 2$bMiAaPQ 906 $aBOOK 912 $a9910731474803321 996 $aFoundations of Elastoplasticity: Subloading Surface Model$92138037 997 $aUNINA